| 000 | 00734nac a22002291u 4500 | ||
|---|---|---|---|
| 010 | _a013354347 | ||
| 020 | _a9780470017579 (pbk.) | ||
| 022 | _a0470017570 (pbk.) | ||
| 082 |
_a658.155 _bCHO |
||
| 090 |
_c7417 _d7417 |
||
| 100 | _aChoudhry, Moorad. | ||
| 245 |
_aAn introduction to value-at-risk / _cMoorad Choudhry. |
||
| 250 | _a4th ed. | ||
| 260 |
_aChichester : _bJohn Wiley, c.2006. _cc.2006. |
||
| 300 |
_axviii, 171 p. : _bill. ; _c23 cm. |
||
| 500 | _aFormerly CIP. Uk | ||
| 500 | _aDistributer: Al-Ahram. | ||
| 504 | _aIncludes bibliographical references (p. [161]) and index. | ||
| 511 | _aCatalogued By: Mahitab. | ||
| 650 | _aRisk management. | ||
| 942 |
_cBB _k658.155CHO |
||
| 999 |
_c7417 _d7417 |
||